World Capitals Closest to Oslo - One Minute Sprint - Statistics

General Stats
  • This quiz has been taken 135 times
  • The average score is 12 of 20
Answer Stats
km capital miles % Correct
418 Stockholm 260
96%
840 Berlin 522
93%
788 Helsinki 490
93%
484 Copenhagen 301
92%
1155 London 718
86%
914 Amsterdam 568
84%
1064 Warsaw 661
76%
1342 Paris 834
73%
1086 Brussels 675
71%
1266 Dublin 787
68%
788 Tallinn 490
68%
844 Riga 525
64%
1047 Vilnius 651
57%
1184 Luxembourg 735
50%
1120 Prague 696
42%
1352 Vienna 840
41%
1220 Minsk 758
36%
1375 Bratislava 854
23%
1424 Vaduz 885
22%
971 T{órshavn} 604
13%
No matching quizzes found
Score Distribution
Percent of People with Each Score
Percentile by Number Answered
Your Score History
You have not taken this quiz